000 00369nam a22001577a 4500
003 SGT
020 _a978-93-80316-16-1
082 _a611
_bA14S
100 _aSINGH, DR
245 _aANATOMY & PHYSIOLOGY FOR NURSES AND ALLIED HEALTH SCIENCE
250 _a1ST
260 _aINDIA
_bAUJA PUB
_c2014
300 _a357
650 _aHUMAN ANATOMY
942 _2ddc
_cBK
_010
999 _c20153
_d20153